| 000 | 01522nam a22003495i 4500 | ||
|---|---|---|---|
| 003 | EG-ScBUE | ||
| 005 | 20230110145651.0 | ||
| 008 | 180321t1999 it a f b 000 0 eng d | ||
| 020 | _a9701830385 | ||
| 020 | _a9789701830383 | ||
| 040 |
_aEG-ScBUE _beng _erda _cEG-ScBUE _dEG-ScBUE |
||
| 041 | 1 |
_aeng _hspa |
|
| 043 | _an-mx--- | ||
| 082 | 0 | 4 |
_a759.97208997 _bPRE _222 |
| 245 | 0 | 4 |
_aThe pre-Columbian painting : _bmurals of the Mesoamerica / _ccoordination Beatriz de la Fuente ; scientific co-edition, Instituto de Investigaciones Estéticas, UNAM. |
| 250 | _aSpecial English edition. | ||
| 264 | 1 |
_aMilano : _bJaca Book ; _aWoodbridge, Suffolk, England ; _aWappingers' Falls, NY : _bAntique Collectors' Club, _c[1999] |
|
| 264 | 4 | _cc1999 | |
| 300 |
_a272 pages : _billustrations (some color) ; _c31 cm |
||
| 336 |
_2rdacontent _atext _btxt |
||
| 337 |
_2rdamedia _aunmediated _bn |
||
| 338 |
_2rdacarrier _avolume _bnc |
||
| 504 | _aIncludes bibliographical references. | ||
| 505 | _aIntroduction -- The background: Olmec painting -- Pre-historic mural painting: materials and techniques -- The high central plain: Teotihuacán, Cholula and Cacaxtla -- The high central plain: late post-classic. | ||
| 546 | _aText in English ; translated from the original Spain. | ||
| 650 | 7 |
_aIndian mural painting and decoration _zMexico. _2BUEsh |
|
| 650 | 7 |
_aIndian mural painting and decoration _zGuatemala. _2BUEsh |
|
| 651 | _2BUEsh | ||
| 653 |
_bCOMAME _bGGEN _cMarch2018 |
||
| 655 | _vReading book | ||
| 942 |
_2ddc _cBB |
||
| 999 |
_c26379 _d26351 |
||